Essential english dictionary
Guardat en:
| Autor corporatiu: | |
|---|---|
| Format: | Llibre |
| Idioma: | anglès |
| Publicat: |
Londres
HarperCollins
1988
|
| Matèries: | |
| Etiquetes: |
Afegir etiqueta
Sense etiquetes, Sigues el primer a etiquetar aquest registre!
|
MARC
| LEADER | 00000nam a2200000 a 4500 | ||
|---|---|---|---|
| 001 | UCL6658 | ||
| 003 | CL-VaPUC | ||
| 008 | 040416e19880000UK |||||||||||||||||eng|d | ||
| 020 | |a 0003702618 | ||
| 082 | 0 | 4 | |a 423 |b COL |2 21 |
| 110 | 2 | |a Collins Cobuild |e author |9 484294 | |
| 245 | 1 | 0 | |a Essential english dictionary |
| 300 | |a 948 p | ||
| 942 | |c BK | ||
| 945 | |d 20040416 00:00:00 |a cmena | ||
| 260 | |a Londres |b HarperCollins |c 1988 | ||
| 650 | 0 | |a Inglés |9 260023 | |
| 650 | 0 | |a Diccionarios |9 256200 | |
| 583 | |a last modification |c 20040416 00:00:00 |k Rodrigo Vera | ||
| 999 | |c 308649 |d 308647 | ||